LEADER 00873nam0 2200241 450 001 000010362 005 20080424093516.0 100 $a20080424d1952----km-y0itay50------ba 101 0 $aita 102 $aIT 105 $ayf------001yy 200 1 $aComplementi di ragioneria applicata alle aziende private$e(le associazioni in partecipazione, le imprese divise)$fGino Zappa, Lino Azzini, Giuseppe Cudini$ead uso degli istituti tecnici 210 $aMilano$cGiuffrè$d1952 215 $aIV, 149 p., [2] c. di tav. ripieg.$d26 cm 676 $a657$v18 700 1$aZappa,$bGino$0471317 701 1$aAzzini,$bLino$0106853 701 1$aCudini,$bGiuseppe$0237725 801 0$aIT$bUNIPARTHENOPE$c20080424$gRICA$2UNIMARC 912 $a000010362 951 $a657/116$b27988$cNAVA1 996 $aComplementi di ragioneria applicata alle aziende private$91203641 997 $aUNIPARTHENOPE LEADER 01029cam0 22002651 450 001 SOBE00058311 005 20180219144116.0 100 $a20180219d1988 |||||ita|0103 ba 101 $ager 102 $aDE 200 1 $aLulu$eErstabdruck von Wedekind?s Urfassung genannt Die Büchse der Pandora, eine Monstretragödie, in der Bearbeitung für die Hamburger Aufführung von Peter Zadek$fmit Zeichnungen von Johannes Grützke 210 $aHamburg$cDeutsches Schauspielhaus$d1988 215 $a397 p.$cill.$d18 cm 700 1$aWedekind$b, Frank$3A600200027256$4070$0158645 702 1$aZadek, Peter$3A600200042569$4070 702 1$aGrützke, Johannes$3SOBA00016063$4070 801 0$aIT$bUNISOB$c20180219$gRICA 850 $aUNISOB 852 $aUNISOB$j830$m169527 912 $aSOBE00058311 940 $aM 102 Monografia moderna SBN 941 $aM 957 $a830$b001493$gSI$d169527$n20180209$rdono B. Beth$tN$1menle$2UNISOB$3UNISOB$420180219144035.0$520180219144116.0$6menle 996 $aLulu$9172370 997 $aUNISOB